00646nam a2200181 a 450000100100000000500170001000800410002702000150006804000250008308200130010810000400012124500590016126000340022030000280025449000560028250000700033883000560040800004292420201002040513.0140213s1981 sp a 000 0 spa d a8485337557 aDO-SdBNPbspacBNPHU axxxbxxx1 aGarcía Pérez, Francisco,d1953-10aCrónicas de El Bierzo /cFrancisco García Pérez. aMadrid :bPenthalón,c1981. a206 p. :bil. ;c19 cm.1 aLa Banda de GargantúaaLúdicos de Pantagruelv5 aIncluye datos biográficos del autor en la solapa de la cubierta 0aLa Banda de Gargantúan5pLúdicos de Pantagruel